|
|
|
|
| LEADER |
00000nam a22000007a 4500 |
| 005 |
20220418211050.0 |
| 007 |
cr|||| |||| |
| 008 |
220418s2021 eu |||||s|||| 00||0 spa d |
| 020 |
|
|
|a 978-84-121158-8-8
|
| 035 |
|
|
|a 35557
|
| 040 |
|
|
|a vLex
|
| 090 |
|
|
|c 13188
|d 13188
|
| 100 |
1 |
|
|a Garrido Martn̕, Joaqun̕
|
| 245 |
1 |
0 |
|a Fundamentos romans̕ticos del derecho europeo
|h [Recurso electrn̤ico] :
|b Materiales para un curso /
|c Joaqun̕ Garrido Martn̕
|
| 256 |
|
|
|a Servicio en ln̕ea
|
| 260 |
|
|
|a Barcelona:
|b J.M. Bosch Editor,
|c 2021
|
| 300 |
|
|
|a 1 recurso electrn̤ico
|
| 500 |
|
|
|a La historia jurd̕ica que presenta este libro comienza en la Alta Edad Media describiendo las condiciones del renacimiento de la ciencia jurd̕ica europea en tiempos de Glosadores, cuando se comienza a aplicar la crt̕ica exegťica al corpus iuris justinianeo siguiendo un hilo intelectual que se prolonga desde tiempos medievales hasta nuestros da̕s. Su props̤ito es dilucidar los presupuestos ambientales y espirituales de aquel asombroso florecimiento intelectual, para lo cual se estudia la interaccin̤ entre el pensamiento jurd̕ico y la reflexin̤ filosf̤ica de la p̌oca: la escols̀tica y la ciencia jurd̕ica medieval, la ilustracin̤ y la mentalidad codificadora, el historicismo romǹtico y la Escuela histr̤ica del derecho. Se sigue para ello el patrn̤ de una Privatrechtsgeschichte con vocacin̤ de aunar la mirada romans̕tica con la de la historia y filosofa̕ jurd̕icas.
|
| 506 |
1 |
|
|a Disponible solo en los productos indicados
|d vLex Global
|d vLex Global (Academic Edition, excluding Law Schools)
|d vLex Global (U.S. Academic Edition, Law Schools)
|d vLex Global (U.S. Academic Edition, excluding Law Schools)
|d vLex Global (Academic Edition, Law Schools)
|
| 650 |
0 |
4 |
|a Derecho Militar
|z Unin̤ Europea
|
| 650 |
0 |
4 |
|a Filosofa̕ y religin̤
|z Unin̤ Europea
|
| 650 |
0 |
4 |
|a Derecho Comunitario
|z Unin̤ Europea
|
| 740 |
0 |
|
|a vLex Libros (Servicio en ln̕ea)
|
| 856 |
4 |
0 |
|u https://app.vlex.com/#/sources/35557
|z Acceso restringido
|
| 942 |
|
|
|c BOOK
|
| 999 |
0 |
|
|a Military Law
|
| 999 |
0 |
|
|a Philosophy and religion
|
| 999 |
0 |
|
|a Community Law
|